000 00335nam a22001577a 4500
003 SGT
020 _a978-933917-2-3
082 _a657
_bMON
100 _aMONGA, J.R.
245 _aFINANCIAL ACCOUNTING
250 _a39TH
260 _aINDIA
_bSCHOLAR PUB.
_c2023
300 _a16.40
650 _aACCOUNT
942 _2ddc
_cBK
_013
999 _c25734
_d25734